A Thousand Splendid Suns / (Record no. 593291)
[ view plain ]
| 000 -LEADER | |
|---|---|
| fixed length control field | 00393nam a22001577a 4500 |
| 003 - CONTROL NUMBER IDENTIFIER | |
| control field | NUST |
| 020 ## - INTERNATIONAL STANDARD BOOK NUMBER | |
| International Standard Book Number | 9780747593775 |
| 082 ## - DEWEY DECIMAL CLASSIFICATION NUMBER | |
| Classification number | 808.83,HOS |
| 100 ## - MAIN ENTRY--PERSONAL NAME | |
| Personal name | Hosseini, Khaled |
| 245 ## - TITLE STATEMENT | |
| Title | A Thousand Splendid Suns / |
| Statement of responsibility, etc. | Khaled Hosseini, |
| 260 ## - PUBLICATION, DISTRIBUTION, ETC. | |
| Place of publication, distribution, etc. | Bloomsbury |
| Name of publisher, distributor, etc. | London |
| Date of publication, distribution, etc. | 2008 |
| 300 ## - PHYSICAL DESCRIPTION | |
| Extent | 419 p |
| 650 ## - SUBJECT ADDED ENTRY--TOPICAL TERM | |
| Topical term or geographic name entry element | Kit Runner |
| 9 (RLIN) | 109978 |
| 651 ## - SUBJECT ADDED ENTRY--GEOGRAPHIC NAME | |
| Geographic name | English Literature |
| 9 (RLIN) | 108138 |
| 942 ## - ADDED ENTRY ELEMENTS (KOHA) | |
| Source of classification or shelving scheme | |
| Koha item type | Fiction |
| Withdrawn status | Lost status | Source of classification or shelving scheme | Damaged status | Not for loan | Permanent Location | Current Location | Shelving location | Date acquired | Shelving control number | Total Checkouts | Full call number | Barcode | Date last seen | Date last checked out | Price effective from | Koha item type | Public note |
|---|---|---|---|---|---|---|---|---|---|---|---|---|---|---|---|---|---|
| Military College of Signals (MCS) | Military College of Signals (MCS) | Fiction | 02/15/2023 | English Literature | 15 | 808.83,HOS | MCS38048 | 02/17/2026 | 01/28/2026 | 02/15/2023 | Fiction | Almirah No.56, Shelf No.6 |
